000 00885nam a22002537a 4500
005 20240530110403.0
008 150127s2012 ua g b 000 0 ara d
040 _aEG-CaGPL
041 0 _aara
082 0 4 _221
_a907.2\
_bع ف
100 0 _aعادل حسن غنيم
245 1 0 _aفى منهج البحث التاريخى /
_cعادل حسن غنيم ، جمال محمود حجر
260 _aالاسكندرية :
_bدار المعرفة الجامعية ،
_c2012
300 _a244 ص ؛
_c24 سم
504 _aيشتمل على ارجاعات ببليوجرافية
650 0 4 _aالتأريخ
650 0 4 _aالمخطوطات
650 0 4 _aالتاريخ
_xكتابة
650 0 4 _aالتاريخ
650 0 4 _aالمؤرخون
700 0 _aجمال محمود حجر
_eمؤلف مشارك
942 _2ddc
_cBK
999 _c60302
_d60302